00326nam a2200121Ia 4500008004100000041001200041082001100053100001600064245006200080260003700142300001000179650001500189221030s9999 xx 000 0 und d aEnglish a105.23 aD. S. Kumar 0aFluid Mechanics & Fluid Power Engineeringcby D. S. Kumar bS.K. Kataria & SonsaDelhic1998 a18.22 aMechanical